|
|
|
|
| LEADER |
01870nam a2200421Ia 4500 |
| 001 |
EBC1193718 |
| 003 |
MiAaPQ |
| 005 |
20200520144314.0 |
| 006 |
m o d | |
| 007 |
cr cn||||||||| |
| 008 |
080825s2008 njuab s 100 0 eng d |
| 010 |
|
|
|z 2008339415
|
| 020 |
|
|
|z 9789812833273 (pbk.)
|
| 020 |
|
|
|z 9812833277 (pbk.)
|
| 020 |
|
|
|a 9789812833280 (electronic bk.)
|
| 035 |
|
|
|a (MiAaPQ)EBC1193718
|
| 035 |
|
|
|a (Au-PeEL)EBL1193718
|
| 035 |
|
|
|a (CaPaEBR)ebr10688030
|
| 035 |
|
|
|a (CaONFJC)MIL196832
|
| 035 |
|
|
|a (OCoLC)318879614
|
| 040 |
|
|
|a MiAaPQ
|c MiAaPQ
|d MiAaPQ
|
| 050 |
|
4 |
|a HD1698.A1
|b A85 2007
|
| 082 |
0 |
4 |
|a 333.910095
|2 23
|
| 111 |
2 |
|
|a Asia-Pacific Water Summit
|n (1st :
|d 2007 :
|c Beppu-shi, Japan)
|
| 245 |
1 |
0 |
|a 1st Asia-Pacific Water Summit
|h [electronic resource] :
|b the proceedings of the 1st Asia-Pacific Water Summ it :water security : leadership and commitment, 3-4 December 2007, B-con Plaza, Beppu City, Oita Prefecture, Japan /
|c edited by Secretariat of the 1st Asia-Pacific Water Summit.
|
| 246 |
3 |
|
|a First Asia-Pacific Water Summit
|
| 246 |
3 |
|
|a Water security : leadership and commitment
|
| 260 |
|
|
|a Hackensack, NJ :
|b World Scientific,
|c c2008.
|
| 300 |
|
|
|a vii, 257 p. :
|b col. ill., col. maps.
|
| 533 |
|
|
|a Electronic reproduction. Ann Arbor, MI : ProQuest, 2015. Available via World Wide Web. Access may be limited to ProQuest affiliated libraries.
|
| 650 |
|
0 |
|a Water resources development
|z Asia
|v Congresses.
|
| 650 |
|
0 |
|a Water resources development
|z Pacific Area
|v Congresses.
|
| 650 |
|
0 |
|a Water-supply
|z Asia
|x Management
|v Congresses.
|
| 650 |
|
0 |
|a Water-supply
|z Pacific Area
|x Management
|v Congresses.
|
| 655 |
|
4 |
|a Electronic books.
|
| 710 |
2 |
|
|a World Scientific (Firm)
|
| 710 |
2 |
|
|a ProQuest (Firm)
|
| 856 |
4 |
0 |
|u https://ebookcentral.proquest.com/lib/matrademy/detail.action?docID=1193718
|z Click to View
|